<?xml version="1.0" encoding="UTF-8"?>
<collection xmlns="http://www.loc.gov/MARC21/slim">
 <record>
  <leader>01271pamaa2200217   4500</leader>
  <controlfield tag="001">0000044869</controlfield>
  <controlfield tag="005">20130314090000.0</controlfield>
  <controlfield tag="008">090203                             eng  </controlfield>
  <datafield tag="020" ind1="0" ind2="0">
   <subfield code="a">9780199233526 (pbk.) </subfield>
  </datafield>
  <datafield tag="090" ind1="0" ind2="0">
   <subfield code="a">KD1554 </subfield>
   <subfield code="b">POO 2008</subfield>
  </datafield>
  <datafield tag="100" ind1="1" ind2="0">
   <subfield code="a">Poole </subfield>
  </datafield>
  <datafield tag="245" ind1="1" ind2="0">
   <subfield code="a">Casebook on contract law  </subfield>
   <subfield code="c">Jill Poole.</subfield>
  </datafield>
  <datafield tag="250" ind1="0" ind2="0">
   <subfield code="a">9th ed.</subfield>
  </datafield>
  <datafield tag="260" ind1="0" ind2="0">
   <subfield code="a">Oxford ; New York: </subfield>
   <subfield code="b">Oxford University Press, </subfield>
   <subfield code="c">2008.</subfield>
  </datafield>
  <datafield tag="300" ind1=" " ind2=" ">
   <subfield code="a">lix, 821p.: </subfield>
   <subfield code="b">25 cm.</subfield>
  </datafield>
  <datafield tag="500" ind1="0" ind2="0">
   <subfield code="a">Includes index</subfield>
  </datafield>
  <datafield tag="501" ind1="0" ind2="0">
   <subfield code="a">DLLUK</subfield>
  </datafield>
  <datafield tag="505" ind1="0" ind2="0">
   <subfield code="a">Guidance on reading cases -- Agreement--Agreement problems -- Consideration, promissory estoppel, and form -- Intention to create legal relations -- Content of the contract and principles of interpretation -- Exemption clauses and unfair contract terms -- Discharge for breach of contract -- Damages for breach of contract -- Remedies providing for specific relief and restitutionary remedies --Privity of contract and third party rights -- Discharge by frustration : subsequent impossibility -- Common mistake : initial impossibility -- Misrepresentation -- Duress, undue influence, and unconscionable bargains -- Illegality and capacity to contract</subfield>
  </datafield>
  <datafield tag="650" ind1="0" ind2="0">
   <subfield code="a">Contract law -- </subfield>
   <subfield code="x">England -- </subfield>
   <subfield code="x">Cases </subfield>
  </datafield>
  <datafield tag="650" ind1="0" ind2="0">
   <subfield code="a">Contracts -- </subfield>
   <subfield code="x">Cases -- </subfield>
   <subfield code="z">Wales </subfield>
  </datafield>
  <datafield tag="901" ind1=" " ind2=" ">
   <subfield code="u">http://www.oup.com</subfield>
  </datafield>
 </record>
</collection>
